[Event "St Petersburg Spring op"]
[Site "St Petersburg"]
[Date "2011.03.29"]
[Round "7"]
[White "Shchukin, Dmitry"]
[Black "Letov, Petr"]
[Result "1-0"]
[WhiteElo "2341"]
[BlackElo "2189"]
[PlyCount "81"]
[EventDate "2011.03.23"]
[EventType "swiss"]
[EventRounds "9"]
[EventCountry "RUS"]
[SourceTitle "CBM 141 Extra"]
[Source "ChessBase"]
[SourceDate "2011.05.03"]
[SourceVersion "1"]
[SourceVersionDate "2011.05.03"]
[SourceQuality "1"]

1. c4 Nf6 2. Nc3 c5 3. g3 e6 4. Nf3 Nc6 5. Bg2 a6 6. 0-0 Qc7 7. b3 b6 8. Bb2 Bb7 9. e3 Rd8 10. Rc1 Ne7 11. d4 d6 12. Re1 Qb8 13. e4 cxd4 14. Nxd4 g6 15. Na4 e5 16. Nc2 Bg7 17. Nxb6 Nxe4 18. Nd5 Bxd5 19. cxd5 Nf6 20. Qd3 0-0 21. Ba3 Qb7 22. Nb4 Ne8 23. Qxa6 Qd7 24. Nc6 Nc7 25. Nxe7+ Qxe7 26. Qc6 Ne8 27. b4 f5 28. b5 Qa7 29. Qa6 Rf7 30. Rc6 Qd4 31. b6 f4 32. Qc4 Qd2 33. Bb4 Qb2 34. Qc3 Qxa2 35. Ra1 Qe2 36. Bf3 Qb5 37. Ra5 e4 38. Rxb5 Bxc3 39. Bxc3 exf3 40. b7 Rb8 41. Rc8 1-0

[Event "St Petersburg Spring op"]
[Site "St Petersburg"]
[Date "2011.03.28"]
[Round "6"]
[White "Letov, Petr"]
[Black "Sichinava, Zviad"]
[Result "1/2-1/2"]
[WhiteElo "2189"]
[BlackElo "2343"]
[PlyCount "130"]
[EventDate "2011.03.23"]
[EventType "swiss"]
[EventRounds "9"]
[EventCountry "RUS"]
[SourceTitle "CBM 141 Extra"]
[Source "ChessBase"]
[SourceDate "2011.05.03"]
[SourceVersion "1"]
[SourceVersionDate "2011.05.03"]
[SourceQuality "1"]

1. e4 c5 2. Nf3 e6 3. d4 cxd4 4. Nxd4 Qb6 5. Nb3 Qc7 6. g3 h5 7. Nc3 a6 8. Bg2 Nf6 9. Qe2 Nc6 10. Bf4 d6 11. 0-0-0 e5 12. Bg5 Bg4 13. Bf3 Be6 14. Nd5 Bxd5 15. exd5 Ne7 16. Bxf6 gxf6 17. Bxh5 b5 18. f4 Rc8 19. Kb1 Qc4 20. Na5 Qc7 21. fxe5 fxe5 22. Nb3 Qc4 23. Qf3 Qxc2+ 24. Ka1 Qh7 25. g4 Ng6 26. Rc1 Rc4 27. Na5 Rf4 28. Qc3 Bg7 29. Qc8+ Ke7 30. Qc7+ Kf6 31. Qxd6+ Kg5 32. Qc7 Bf6 33. Nc6 e4 34. Bxg6 Qg7 35. Rcf1 Rxf1+ 36. Rxf1 Bxb2+ 37. Kb1 Kxg6 38. Qf4 Rh4 39. Qxe4+ Kh6 40. Ne7 Rxg4 41. Nf5+ Kh7 42. Qc2 Qc3 43. Ne3+ Qxc2+ 44. Kxc2 Re4 45. Kxb2 Rxe3 46. Rxf7+ Kg8 47. Ra7 Rd3 48. Rxa6 Rxd5 49. Rc6 Rh5 50. Rc2 Rh3 51. Rf2 b4 52. Rf4 Rxh2+ 53. Kb3 Kg7 54. Rxb4 Kf6 55. Re4 Rh7 56. Kc4 Re7 57. Rd4 Ra7 58. Rd2 Ke7 59. Kb5 Ra3 60. Kb4 Ra7 61. a4 Rd7 62. Rc2 Kd8 63. a5 Rc7 64. Rh2 Kc8 65. Kb5 Kb7 1/2-1/2

[Event "St Petersburg Blockade op"]
[Site "St Petersburg"]
[Date "2011.01.04"]
[Round "2"]
[White "Tkachev, Ivan"]
[Black "Letov, Petr"]
[Result "0-1"]
[WhiteElo "2036"]
[BlackElo "2225"]
[PlyCount "84"]
[EventDate "2011.01.03"]
[EventType "swiss"]
[EventRounds "9"]
[EventCountry "RUS"]
[SourceTitle "CBM 140 Extra"]
[Source "ChessBase"]
[SourceDate "2011.03.01"]
[SourceVersion "1"]
[SourceVersionDate "2011.03.01"]
[SourceQuality "1"]

1. c4 e6 2. g3 d5 3. cxd5 exd5 4. d4 c6 5. Bg2 Bf5 6. Nc3 Nf6 7. Nf3 Nbd7 8. Bf4 Ne4 9. 0-0 Qb6 10. Nh4 Nxc3 11. bxc3 Be6 12. Nf3 Be7 13. Qd3 Qa5 14. Ng5 Bxg5 15. Bxg5 Nb6 16. f4 f5 17. g4 0-0 18. Be7 Rf7 19. Bb4 Qa4 20. Bh3 Qb5 21. Qc2 Nc4 22. Qd3 a5 23. a4 Qa6 24. gxf5 Bd7 25. Ba3 Re8 26. Bc1 Qa8 27. f6 Bxh3 28. Qxh3 Rxe2 29. f5 Qe8 30. Bf4 gxf6 31. Bh6 Kh8 32. Rf3 Nd2 33. Re3 Rxe3 34. Bxe3 Rg7+ 35. Kf2 Ne4+ 36. Kf1 Nxc3 37. Re1 Qe4 38. Kf2 Qc2+ 39. Kf3 Ne4 40. Rc1 Ng5+ 41. Bxg5 Qe4+ 42. Kf2 Rxg5 0-1

[Event "Chigorin Memorial 18th"]
[Site "St Petersburg"]
[Date "2010.11.01"]
[Round "5"]
[White "Ajrapetian, Gevorg"]
[Black "Letov, Petr"]
[Result "1/2-1/2"]
[WhiteElo "2425"]
[BlackElo "2264"]
[PlyCount "146"]
[EventDate "2010.10.28"]
[EventType "swiss"]
[EventRounds "9"]
[EventCountry "RUS"]
[SourceTitle "EXT 2011"]
[Source "ChessBase"]
[SourceDate "2010.11.26"]
[SourceVersion "1"]
[SourceVersionDate "2010.11.26"]
[SourceQuality "1"]

1. e4 c6 2. d4 d5 3. e5 c5 4. dxc5 Nc6 5. Bb5 e6 6. Be3 Bd7 7. Bxc6 Bxc6 8. Nf3 Ne7 9. c3 Nf5 10. Bd4 Nxd4 11. Qxd4 a5 12. a4 Qe7 13. b4 axb4 14. cxb4 b6 15. 0-0 bxc5 16. bxc5 Qa7 17. Rc1 Be7 18. Na3 0-0 19. Nb5 Qd7 20. Qb4 f6 21. Rab1 Ra6 22. Qg4 Rfa8 23. Rb4 Rb8 24. Nc3 Rc8 25. Nb5 Rb8 26. exf6 Bxf6 27. Qf4 Rf8 28. Ne5 Qe7 29. Qd4 Bg5 30. Re1 Rf4 31. Qc3 Qf8 32. Rxf4 Qxf4 33. Nc7 Rxa4 34. Nxe6 Qd2 35. Qxd2 Bxd2 36. Rb1 Bb7 37. g3 Rb4 38. Rxb4 Bxb4 39. c6 Bc8 40. Nd4 Bc3 41. Nef3 Ba6 42. c7 Ba5 43. Nb5 Kf8 44. Ne5 Bb7 45. Kf1 Ke7 46. f4 Bb6 47. Ke2 Bg1 48. h3 Bb6 49. g4 Bc8 50. Kd3 h5 51. Ke2 hxg4 52. hxg4 Bb7 53. g5 Bc8 54. Kf3 Bc5 55. Nd3 Bd6 56. Ke3 Kd7 57. Kd4 Kc6 58. Nxd6 Kxd6 59. Nb4 Kxc7 60. Kxd5 Kd7 61. Ke5 Ke7 62. Nd5+ Kf8 63. f5 Ba6 64. Nf4 Bc4 65. Kd6 Bb3 66. Ng6+ Kf7 67. Ne5+ Kf8 68. Nf3 Bc4 69. Kd7 Bd3 70. Nd4 Kf7 71. g6+ Kf6 72. Ke8 Bxf5 73. Nxf5 Kxg6 1/2-1/2

[Event "St Petersburg Autumn op"]
[Site "St Petersburg"]
[Date "2010.10.21"]
[Round "6"]
[White "Letov, Petr"]
[Black "Latonin, Mikhail"]
[Result "1-0"]
[WhiteElo "2264"]
[BlackElo "1922"]
[PlyCount "75"]
[EventDate "2010.10.16"]
[EventType "swiss"]
[EventRounds "9"]
[EventCountry "RUS"]
[SourceTitle "EXT 2011"]
[Source "ChessBase"]
[SourceDate "2010.11.26"]
[SourceVersion "1"]
[SourceVersionDate "2010.11.26"]
[SourceQuality "1"]

1. e4 c6 2. d4 d5 3. exd5 cxd5 4. Bd3 Nc6 5. c3 Nf6 6. h3 g6 7. Nf3 Bg7 8. 0-0 0-0 9. Bf4 Bf5 10. Bxf5 gxf5 11. Ne5 e6 12. Nd2 Nxe5 13. Bxe5 Kh8 14. Nf3 Nd7 15. Bxg7+ Kxg7 16. Re1 Kh8 17. Qb3 Qc7 18. Qa3 Rac8 19. c4 Nf6 20. cxd5 Nxd5 21. Qxa7 Rg8 22. Rac1 Qxc1 23. Rxc1 Rxc1+ 24. Kh2 Nf4 25. Nh4 Rc7 26. Qa5 Nd5 27. Nxf5 b6 28. Qe1 exf5 29. Qe5+ f6 30. Qxd5 Rcg7 31. Qc6 Rg6 32. a4 f4 33. Qf3 f5 34. d5 h6 35. b4 Kh7 36. h4 Ra8 37. Qxf4 Rxa4 38. Qxf5 1-0

[Event "St Petersburg White Nights op"]
[Site "St Petersburg"]
[Date "2010.06.22"]
[Round "7"]
[White "Letov, Petr"]
[Black "Yankovsky, Roman"]
[Result "1/2-1/2"]
[WhiteElo "2211"]
[BlackElo "2394"]
[PlyCount "64"]
[EventDate "2010.06.16"]
[EventType "swiss"]
[EventRounds "9"]
[EventCountry "RUS"]
[SourceTitle "EXT 2011"]
[Source "ChessBase"]
[SourceDate "2010.11.26"]
[SourceVersion "1"]
[SourceVersionDate "2010.11.26"]
[SourceQuality "1"]

1. e4 c5 2. Nf3 d6 3. d4 cxd4 4. Nxd4 Nf6 5. Nc3 g6 6. Be3 Bg7 7. f3 0-0 8. Qd2 Nc6 9. Bc4 Bd7 10. 0-0-0 Rb8 11. Bb3 Na5 12. Kb1 b5 13. Qf2 Nc4 14. Bxc4 bxc4 15. Ka1 Qa5 16. Qd2 Rb4 17. a3 Rfb8 18. Na2 Ra4 19. Qxa5 Rxa5 20. Nc3 Ne8 21. Nde2 Nc7 22. Bd4 f6 23. h4 Ne6 24. h5 gxh5 25. Nd5 Nxd4 26. Nxd4 Kf7 27. c3 e5 28. Nf5 Bxf5 29. exf5 Rab5 30. Nb4 R5b6 31. Rd5 h6 32. Rxh5 Rb5 1/2-1/2

[Event "Chigorin Memorial 17th"]
[Site "St Petersburg"]
[Date "2009.10.23"]
[Round "8"]
[White "Pecheritsa, Vitaly"]
[Black "Letov, Petr"]
[Result "1/2-1/2"]
[WhiteElo "2319"]
[BlackElo "2157"]
[PlyCount "173"]
[EventDate "2009.10.16"]
[EventType "swiss"]
[EventRounds "9"]
[EventCountry "RUS"]
[SourceTitle "CBM 132 Extra"]
[Source "ChessBase"]
[SourceDate "2009.11.03"]
[SourceVersion "1"]
[SourceVersionDate "2009.11.03"]
[SourceQuality "1"]

1. e4 e6 2. d4 d5 3. e5 c5 4. c3 Qb6 5. Nf3 Nc6 6. a3 Bd7 7. b4 cxd4 8. cxd4 Rc8 9. Be3 Nh6 10. Bd3 Ng4 11. 0-0 Nxe3 12. fxe3 g6 13. Qe2 Bh6 14. g4 Ne7 15. Nbd2 Ba4 16. h4 0-0 17. h5 Bg7 18. Qh2 Rc3 19. Ne1 Bb5 20. Bxb5 Qxb5 21. h6 Bh8 22. Rf3 Nc6 23. Qf2 Qa4 24. e4 Rxf3 25. Nexf3 Nxb4 26. exd5 exd5 27. Rb1 Qxa3 28. Rb3 Qa1+ 29. Kg2 a5 30. Qe3 Nc2 31. Qd3 Nb4 32. Qb5 Qd1 33. Rb1 Qc2 34. Qxa5 Nd3 35. Kg3 Nc1 36. Qxd5 Ne2+ 37. Kh2 Qc6 38. Qxc6 bxc6 39. Re1 Nf4 40. Kg3 Ne6 41. g5 Rd8 42. Nb3 c5 43. Nxc5 Nxd4 44. Nxd4 Rxd4 45. e6 fxe6 46. Nxe6 Rd3+ 47. Kg4 Kf7 48. Nf4 Ra3 49. Rb1 Ra7 50. Rb5 Ba1 51. Rb4 Be5 52. Nd3 Ba1 53. Kf4 Rd7 54. Ke4 Re7+ 55. Kf3 Ra7 56. Nc5 Re7 57. Ne4 Be5 58. Rb5 Ke6 59. Rb6+ Kf5 60. Rb5 Ra7 61. Nd6+ Kxg5 62. Rxe5+ Kxh6 63. Kf4 Ra4+ 64. Ne4 Rb4 65. Ra5 Rb1 66. Ke5 Re1 67. Ra7 g5 68. Re7 Kg6 69. Re6+ Kh5 70. Kf5 Rf1+ 71. Ke5 Re1 72. Kf6 Rf1+ 73. Kg7 Kg4 74. Kxh7 Ra1 75. Kg6 Ra5 76. Rf6 Re5 77. Nd6 Ra5 78. Nf7 Kh4 79. Nd6 g4 80. Nf5+ Kh3 81. Rb6 g3 82. Kg5 Rxf5+ 83. Kxf5 g2 84. Kf4 g1Q 85. Rh6+ Kg2 86. Rg6+ Kf2 87. Rxg1 1/2-1/2

[Event "Chigorin Memorial 17th"]
[Site "St Petersburg"]
[Date "2009.10.18"]
[Round "3"]
[White "Fedoseeva, Valentina"]
[Black "Letov, Petr"]
[Result "1/2-1/2"]
[WhiteElo "1762"]
[BlackElo "2157"]
[PlyCount "95"]
[EventDate "2009.10.16"]
[EventType "swiss"]
[EventRounds "9"]
[EventCountry "RUS"]
[SourceTitle "CBM 132 Extra"]
[Source "ChessBase"]
[SourceDate "2009.11.03"]
[SourceVersion "1"]
[SourceVersionDate "2009.11.03"]
[SourceQuality "1"]

1. e4 e6 2. d4 d5 3. Nc3 Bb4 4. Bd2 Nf6 5. e5 Bxc3 6. Bxc3 Ne4 7. Bd3 Nxc3 8. bxc3 c5 9. Qg4 Qa5 10. Ne2 g6 11. dxc5 Nc6 12. 0-0 Qxc5 13. Qf4 Qe7 14. Nd4 a6 15. Nxc6 bxc6 16. c4 c5 17. c3 Bb7 18. Rfd1 0-0 19. Be2 f6 20. Bf3 fxe5 21. Qxe5 Rf5 22. Qe2 Qf6 23. Re1 Re8 24. Bxd5 Bxd5 25. cxd5 Rxd5 26. Qxa6 Qxc3 27. Qc6 Re7 28. Rac1 Qd4 29. h3 e5 30. Re3 e4 31. Qb5 Kg7 32. Qe2 Qe5 33. f3 Qd4 34. Rc4 Qa1+ 35. Kh2 Qe5+ 36. Kg1 Qd6 37. Rc1 Rd2 38. Qc4 Rd4 39. Qxc5 Rd1+ 40. Kf2 Rd2+ 41. Kg1 Qxc5 42. Rxc5 Rxa2 43. Rxe4 Rd7 44. Rce5 Rdd2 45. Rg4 Kf6 46. Rb5 Rd6 47. Rbb4 h5 48. Rgd4 1/2-1/2

[Event "Chigorin Memorial 17th"]
[Site "St Petersburg"]
[Date "2009.10.16"]
[Round "1"]
[White "Magomedov, Magaram"]
[Black "Letov, Petr"]
[Result "1/2-1/2"]
[WhiteElo "2532"]
[BlackElo "2157"]
[PlyCount "120"]
[EventDate "2009.10.16"]
[EventType "swiss"]
[EventRounds "9"]
[EventCountry "RUS"]
[SourceTitle "CBM 132 Extra"]
[Source "ChessBase"]
[SourceDate "2009.11.03"]
[SourceVersion "1"]
[SourceVersionDate "2009.11.03"]
[SourceQuality "1"]

1. d4 d5 2. c4 c6 3. Nf3 Nf6 4. Nc3 a6 5. c5 Bf5 6. Bf4 Nbd7 7. e3 e6 8. Nd2 e5 9. dxe5 Ng4 10. Nf3 Bxc5 11. Nd4 Bxd4 12. exd4 Be6 13. Be2 h5 14. Qd2 Qb6 15. Na4 Qa7 16. Rc1 Nh6 17. Nc5 Nf5 18. 0-0 Nf8 19. b4 Bc8 20. a4 Ne6 21. Be3 a5 22. b5 Nxc5 23. Rxc5 Bd7 24. bxc6 bxc6 25. Bd3 0-0 26. Qe2 g6 27. Bxf5 Bxf5 28. Bd2 Qa6 29. Qe3 Qd3 30. Rxc6 Qxe3 31. Bxe3 Rfb8 32. h3 Rb3 33. Ra1 Rb2 34. Rc5 Be6 35. Bc1 Rb3 36. Bd2 Rd3 37. Rxa5 Rxa5 38. Bxa5 Rxd4 39. Bd8 Bc8 40. a5 Ba6 41. Rb1 Ra4 42. Rb8 Kh7 43. Ra8 Bc4 44. Bf6 g5 45. Bxg5 Kg6 46. Be3 Kf5 47. Bb6 Kxe5 48. Rh8 d4 49. Rxh5+ f5 50. Bxd4+ Kxd4 51. Rxf5 Ra1+ 52. Kh2 Bd5 53. h4 Rxa5 54. f3 Ra6 55. h5 Be6 56. Rf8 Ra7 57. g4 Rf7 58. Rxf7 Bxf7 59. f4 Ke4 60. Kg3 Bg8 1/2-1/2

[Event "St Petersburg Nov op"]
[Site "St Petersburg"]
[Date "2008.11.04"]
[Round "4"]
[White "Ivanov, Viktor"]
[Black "Letov, Petr"]
[Result "0-1"]
[WhiteElo "2197"]
[BlackElo "2159"]
[PlyCount "152"]
[EventDate "2008.11.01"]
[EventType "swiss"]
[EventRounds "9"]
[EventCountry "RUS"]
[SourceTitle "EXT 2010"]
[Source "ChessBase"]
[SourceDate "2010.11.25"]
[SourceVersion "1"]
[SourceVersionDate "2010.11.25"]
[SourceQuality "1"]

1. d4 d5 2. Nf3 c6 3. Bf4 Nf6 4. Nbd2 Bf5 5. e3 e6 6. Bd3 Bg4 7. h3 Bh5 8. 0-0 Bd6 9. Bxd6 Qxd6 10. c3 Nbd7 11. e4 dxe4 12. Nxe4 Nxe4 13. Bxe4 Nf6 14. Qc2 0-0 15. Rfe1 Rfd8 16. Ne5 Bg6 17. Nxg6 hxg6 18. Bf3 Qf4 19. Qc1 Qh4 20. Re5 Nd7 21. Qg5 Qxg5 22. Rxg5 Kh7 23. Re1 Re8 24. Be4 f5 25. Bc2 e5 26. dxe5 Nxe5 27. Kf1 Kh6 28. h4 Ng4 29. Re2 Rxe2 30. Kxe2 Re8+ 31. Kf1 Rd8 32. Ke2 Nxf2 33. Bxf5 gxf5 34. Kxf2 Rd2+ 35. Kf3 g6 36. Kf4 Re2 37. g3 b5 38. b3 a5 39. a3 Re1 40. g4 Rf1+ 41. Ke5 fxg4 42. Rxg4 Rb1 43. b4 Rb3 44. Kd6 Rxc3 45. bxa5 Rxa3 46. Kxc6 Rxa5 47. Rg5 Ra4 48. Rxb5 Rxh4 49. Kd6 Rf4 50. Ke6 g5 51. Ke5 Kh5 52. Rb1 Rf2 53. Rh1+ Kg4 54. Rg1+ Kh4 55. Rh1+ Kg3 56. Rg1+ Kh4 57. Rh1+ Kg4 58. Rg1+ Kh5 59. Rh1+ Kg6 60. Ke4 g4 61. Ke3 Rf6 62. Rh8 Kg5 63. Ke2 g3 64. Ke1 Kg4 65. Ke2 g2 66. Rg8+ Kh3 67. Rh8+ Kg3 68. Rg8+ Kh2 69. Rh8+ Kg1 70. Rh7 Re6+ 71. Kd2 Re4 72. Kd3 Re5 73. Kd2 Kf2 74. Rf7+ Kg3 75. Rg7+ Kf3 76. Rg8 Re4 0-1

[Event "St Petersburg Nov op"]
[Site "St Petersburg"]
[Date "2008.11.02"]
[Round "2"]
[White "Frolochkin, Vladimir"]
[Black "Letov, Petr"]
[Result "1/2-1/2"]
[WhiteElo "2323"]
[BlackElo "2159"]
[PlyCount "149"]
[EventDate "2008.11.01"]
[EventType "swiss"]
[EventRounds "9"]
[EventCountry "RUS"]
[SourceTitle "EXT 2010"]
[Source "ChessBase"]
[SourceDate "2010.11.25"]
[SourceVersion "1"]
[SourceVersionDate "2010.11.25"]
[SourceQuality "1"]

1. e4 e6 2. d4 d5 3. Nd2 c5 4. Ngf3 Nf6 5. exd5 exd5 6. Bb5+ Bd7 7. Bxd7+ Nfxd7 8. 0-0 Be7 9. dxc5 Nxc5 10. Nb3 Nxb3 11. axb3 0-0 12. Be3 Nc6 13. Qd3 Bf6 14. c3 Qd7 15. Bg5 Bxg5 16. Nxg5 g6 17. Rfd1 Rfd8 18. Nf3 b6 19. Rd2 Qe7 20. Nd4 Rac8 21. Rad1 Re8 22. h3 Ne5 23. Qg3 Nd7 24. Nf5 Qe6 25. Nd6 Nf6 26. Nxe8 Rxe8 27. Qd3 Re7 28. Qd4 Qf5 29. Qd3 Qe5 30. Qf3 Kg7 31. Rd3 Qg5 32. Re3 Rd7 33. Rd4 Nh5 34. Re1 Nf6 35. h4 Qh6 36. Red1 Re7 37. R4d3 Qxh4 38. Re3 Rd7 39. Qg3 Qh5 40. Rd4 Qf5 41. Qe5 Qxe5 42. Rxe5 Rc7 43. b4 h5 44. f3 Kh6 45. Rd1 g5 46. Rde1 Rc4 47. Re7 Kg6 48. Rxa7 d4 49. Rc1 g4 50. Kf2 Nd5 51. Rd1 dxc3 52. bxc3 Nxc3 53. Rd6+ f6 54. Rxb6 Nd5 55. Rbb7 Rxb4 56. Rg7+ Kf5 57. Rh7 Nf4 58. Ra2 gxf3 59. gxf3 Kg6 60. Rh8 Nd3+ 61. Kg3 Ne5 62. Ra3 Rc4 63. Kh3 Rf4 64. Kg2 Kg5 65. Rg8+ Kf5 66. Rh8 Kg5 67. Kg3 Rc4 68. Rb3 Rd4 69. Rg8+ Kf5 70. Re3 h4+ 71. Kh3 Rf4 72. Kg2 Rc4 73. Rh8 Rc2+ 74. Kf1 Kf4 75. Rxe5 1/2-1/2

[Event "Pskov 5th op"]
[Site "Pskov"]
[Date "2008.06.27"]
[Round "6.7"]
[White "Letov, Petr"]
[Black "Veltmander, Vitaliy"]
[Result "1-0"]
[WhiteElo "2158"]
[BlackElo "2073"]
[PlyCount "83"]
[EventDate "2008.06.22"]
[EventType "swiss"]
[EventRounds "9"]
[EventCountry "RUS"]
[SourceTitle "EXT 2022"]
[Source "ChessBase"]
[SourceDate "2021.10.06"]
[SourceVersion "1"]
[SourceVersionDate "2021.10.06"]
[SourceQuality "1"]

1. e4 e6 2. d4 d5 3. e5 c5 4. c3 Nc6 5. Nf3 Qb6 6. Bd3 Bd7 7. dxc5 Bxc5 8. 0-0 a5 9. Nbd2 h5 10. Nb3 Be7 11. Nbd4 g6 12. Qe2 Nh6 13. Be3 Qd8 14. a3 a4 15. Rfd1 Na5 16. Bxh6 Rxh6 17. c4 dxc4 18. Bxc4 Nxc4 19. Qxc4 Rc8 20. Qd3 g5 21. Nb5 Bc6 22. Qxd8+ Rxd8 23. Rxd8+ Kxd8 24. Rd1+ Kc8 25. Na7+ Kc7 26. Nxc6 Kxc6 27. Rc1+ Kd7 28. Nd4 Rh8 29. Nb5 Rc8 30. Rxc8 Kxc8 31. Nc3 Kc7 32. Nxa4 Kc6 33. Nc3 Kc5 34. Kf1 Kc4 35. Ne4 Kb3 36. Nd6 b6 37. Ke2 Kxb2 38. Nc4+ Kc3 39. Nxb6 Bxa3 40. Nc8 Kd4 41. Nd6 Kxe5 42. Nc4+ 1-0

[Event "Pskov 5th op"]
[Site "Pskov"]
[Date "2008.06.25"]
[Round "4.4"]
[White "Mishin, Alexei"]
[Black "Letov, Petr"]
[Result "1-0"]
[WhiteElo "2305"]
[BlackElo "2158"]
[PlyCount "115"]
[EventDate "2008.06.22"]
[EventType "swiss"]
[EventRounds "9"]
[EventCountry "RUS"]
[SourceTitle "EXT 2022"]
[Source "ChessBase"]
[SourceDate "2021.10.06"]
[SourceVersion "1"]
[SourceVersionDate "2021.10.06"]
[SourceQuality "1"]

1. e4 e6 2. d4 d5 3. e5 c5 4. c3 Qb6 5. Nf3 Nc6 6. a3 Bd7 7. b4 cxd4 8. cxd4 Rc8 9. Be3 Nh6 10. Bd3 Ng4 11. 0-0 Be7 12. Nbd2 f6 13. exf6 Bxf6 14. Ng5 Bxg5 15. Bxg5 Nf6 16. Bxf6 gxf6 17. Nb3 Ke7 18. Nc5 Rcg8 19. Re1 Nd8 20. f4 Qd6 21. Qf3 b6 22. Nxe6 Bxe6 23. f5 h5 24. Ra2 Kf7 25. fxe6+ Nxe6 26. Rae2 Nxd4 27. Re7+ Qxe7 28. Rxe7+ Kxe7 29. Qe3+ Kf7 30. Qxd4 Rg5 31. Be2 Rc8 32. h4 Re5 33. Bf3 Ke6 34. Kh2 Kd6 35. Qf4 Ke6 36. Qd2 Rd8 37. Qd4 Rc8 38. Qd3 Rd8 39. Qh7 d4 40. Bxh5 a5 41. Qf7+ Kf5 42. Qg6+ Ke6 43. Bg4+ Kd5 44. Qf7+ Ke4 45. Qxf6 Ree8 46. Qf3+ Ke5 47. Qf5+ Kd6 48. Qf6+ Kd5 49. Qxb6 axb4 50. axb4 Kc4 51. Qc5+ Kd3 52. b5 Ke4 53. Kg3 Rg8 54. Qf5+ Ke3 55. Qf4+ Kd3 56. b6 Kc2 57. b7 d3 58. Qc7+ 1-0